1880 1148 1339 1295 1722 1558 1491 1621 1968 1110 1415 1129 1337 1417 1696 1989 1349 1412 1919 1986 1312 1140 1377 1889 1917 1233 1400 1853 1539 1428 1277 1811 1554 1313 1929 1112 1843 1044 1013 1566 1933 1262 1161 1069 1384 1936 1915 1287 1970 1942 1901 1139 1306 1965 1116 1250 1328 1381 1627 1190 1949 1672 1873 1331 1560 1740 1326 1203 1062 1953 1697 1226 1714 1515 1057 1351 1832 1869 1982 1546 1473 1000 1164 1432 1372 1404 1586 1094 1238 1641 1315 1301 1014 1850 1370 1536 1681 1642 1742 BCNSPRNW ULIB Ver.6.0+V

เปลี่ยนเป็นภาษาไทย

Change to English
 แสดงรายละเอียดบรรณานุกรม
  กลับหน้าหลัก

Brief Record : Get Marc (ISO 2709) : E-mail record : QR code < ปิดหน้าต่าง
LEADER : 00000nam 2200000uu 4500
001    13399125864
003     ULIB
008    020711s2017 th a 000 0 eng d
020    ^a9780702071713
060    ^aWQ300^bR-M
100    ^aRaynor, Maureen.
245    ^aMyles Survival Guide to Midwifery/^bRaynor, Maureen.
250    ^a3rd ed
260    ^aPhiladelphia :^bElsevier,^c2017
300    ^a608 pages;^c22 cm
650    ^aMidwifery
650  0 ^aLabor
945    ^p952^l0^i003252
999    ^aประนอม เกษจรัล
รายการนี้ยังไม่มีแท็ก
คุณยังไม่ได้ล็อกอิน คุณสามารถมีกิจกรรมร่วมกับเว็บไซต์ได้ แต่ต้องล็อกอินก่อน ::
  ล็อกอิน

รายการสื่อสารสนเทศ

ลำดับที่ ประเภท เลขเรียก/บาร์โค้ด สถานที่ สถานะ
1. หนังสือสำรอง
หนังสือสำรอง
WQ300 R-M ฉ.1 
  Barcode: 003252
ห้องสมุดวิทยาเขตสวรรค์ประชารักษ์
►หนังสือทั่วไป
บนชั้น

รายการใกล้เคียง
    หัวเรื่อง [Midwifery]
    หัวเรื่อง [Labor]

BibComment


ยังไม่เคยถูกคอมเมนท์

คอมเมนท์ทรัพยากรรายการนี้
  คอมเมนท์: Myles Survival G..


 Copyright 2026. Bcnsprnw @Library